Statistiques concernant Facteurs de 4500

Cliquez ici pour prendre le quiz!

Statistiques générales

  • Ce quiz a été pris 37 fois
  • Le résultat moyen est 33 sur 36

Statistiques - réponses

Réponse% Correct
1
100%
10
100%
12
100%
2
100%
20
100%
3
100%
30
100%
4
100%
45
100%
450
100%
5
100%
50
100%
6
100%
15
97%
4500
97%
500
97%
75
97%
9
97%
90
97%
100
94%
150
94%
18
94%
25
94%
60
94%
225
91%
300
91%
125
88%
2250
88%
250
88%
750
88%
900
88%
36
78%
1500
75%
375
72%
1125
69%
180
69%

Distribution des résultats

Percentile par nombre de réponses

% des personnes avec chaque résultat

Votre développement - résultats

Vous n’avez pas pris ce quiz